00826nab a2200181 i 4500001000700000003000900007005001700016008004100033100004600074245016500120300002000285610007900305650001800384651004900402655001700451710007300468773010300541180785ES-MaACL20250902212236.0120712s1913 sp 000 s spa d1 aRivera Pastor, Francisco,d1878-1936eaut10aOrientaciones políticas : bmemoria que actualmente es objeto de discusión en la Sección de Ciencias Morales y Políticas / cpor Francisco Rivera Pastor aPáginas 14-2424aAteneo de Madrid. bSección de Ciencias Morales y Políticas-vMemorias 7aEstado2embne 0aEspaña-xPolítica y gobierno-y1902-1931 4aConferencias2 aAteneo de Madrid. bSección de Ciencias Morales y Políticaseisb0 tLa Palabra : revista taquigráfica, xISSN 2479-7723,gN. 8 (15 abril 1913), p. 14-2402879w2879